U.S. Presidents Tile Select #1 - Statistics

General Stats
  • This quiz has been taken 12 times
  • The average score is 54 of 80
Answer Stats
Question Tile Select % Correct
who were at least 57 at the start of their presidency Barack Obama No
100%
whose lowest approval ratings were below 40% Barack Obama No
100%
who served more than one term in office Donald Trump No
100%
who did not appoint a supreme court justice Donald Trump No
100%
whose lowest approval ratings were below 40% Dwight D. Eisenhower No
100%
whose lowest approval ratings were below 40% Franklin D. Roosevelt No
100%
who did not appoint a supreme court justice George W. Bush No
100%
who served more than one term in office Gerald Ford No
100%
who served more than one term in office Joe Biden No
100%
whose lowest approval ratings were below 40% Joe Biden No
100%
who served more than one term in office John F. Kennedy No
100%
who were at least 57 at the start of their presidency John F. Kennedy No
100%
of German heritage John F. Kennedy No
100%
who did not appoint a supreme court justice Lyndon B. Johnson No
100%
who served more than one term in office Barack Obama Yes
90%
who were at least 57 at the start of their presidency Bill Clinton No
90%
who did not appoint a supreme court justice Franklin D. Roosevelt No
90%
who served more than one term in office George H.W. Bush No
90%
who did not appoint a supreme court justice George H.W. Bush No
90%
who did not appoint a supreme court justice Harry S. Truman No
90%
of German heritage Jimmy Carter No
90%
of German heritage Joe Biden No
90%
whose lowest approval ratings were below 40% John F. Kennedy No
90%
who did not appoint a supreme court justice Richard Nixon No
90%
who did not appoint a supreme court justice Ronald Reagan No
90%
of German heritage Ronald Reagan No
90%
who did not appoint a supreme court justice Barack Obama No
80%
who did not appoint a supreme court justice Bill Clinton No
80%
of German heritage Bill Clinton No
80%
who were at least 57 at the start of their presidency Donald Trump Yes
80%
who did not appoint a supreme court justice Dwight D. Eisenhower No
80%
who served more than one term in office Franklin D. Roosevelt Yes
80%
of German heritage Franklin D. Roosevelt No
80%
who were at least 57 at the start of their presidency George H.W. Bush Yes
80%
who served more than one term in office George W. Bush Yes
80%
who were at least 57 at the start of their presidency George W. Bush No
80%
of German heritage Gerald Ford No
80%
who served more than one term in office Harry S. Truman Yes
80%
who were at least 57 at the start of their presidency Herbert Hoover No
80%
who did not appoint a supreme court justice Herbert Hoover No
80%
who served more than one term in office Jimmy Carter No
80%
who were at least 57 at the start of their presidency Jimmy Carter No
80%
who were at least 57 at the start of their presidency Joe Biden Yes
80%
who served more than one term in office Ronald Reagan Yes
80%
who were at least 57 at the start of their presidency Ronald Reagan Yes
80%
who served more than one term in office Bill Clinton Yes
70%
who were at least 57 at the start of their presidency Franklin D. Roosevelt No
70%
who served more than one term in office Herbert Hoover No
70%
whose lowest approval ratings were below 40% Donald Trump Yes
60%
of German heritage Donald Trump Yes
60%
who served more than one term in office Dwight D. Eisenhower Yes
60%
who were at least 57 at the start of their presidency Dwight D. Eisenhower Yes
60%
who did not appoint a supreme court justice John F. Kennedy No
60%
who were at least 57 at the start of their presidency Richard Nixon No
60%
whose lowest approval ratings were below 40% George W. Bush Yes
50%
who were at least 57 at the start of their presidency Gerald Ford Yes
50%
who were at least 57 at the start of their presidency Harry S. Truman Yes
50%
whose lowest approval ratings were below 40% Herbert Hoover Yes
50%
whose lowest approval ratings were below 40% Jimmy Carter Yes
50%
who did not appoint a supreme court justice Joe Biden Yes
50%
who served more than one term in office Lyndon B. Johnson Yes
50%
of German heritage Dwight D. Eisenhower Yes
40%
who did not appoint a supreme court justice Gerald Ford No
40%
whose lowest approval ratings were below 40% Gerald Ford Yes
40%
who did not appoint a supreme court justice Jimmy Carter Yes
40%
who were at least 57 at the start of their presidency Lyndon B. Johnson No
40%
of German heritage George H.W. Bush Yes
30%
of German heritage George W. Bush Yes
30%
of German heritage Harry S. Truman Yes
30%
of German heritage Herbert Hoover Yes
30%
who served more than one term in office Richard Nixon Yes
30%
whose lowest approval ratings were below 40% Richard Nixon Yes
30%
of German heritage Richard Nixon Yes
30%
whose lowest approval ratings were below 40% Bill Clinton Yes
20%
whose lowest approval ratings were below 40% Harry S. Truman Yes
20%
whose lowest approval ratings were below 40% Lyndon B. Johnson Yes
20%
of German heritage Lyndon B. Johnson Yes
20%
of German heritage Barack Obama Yes
10%
whose lowest approval ratings were below 40% George H.W. Bush Yes
10%
whose lowest approval ratings were below 40% Ronald Reagan Yes
0%
No matching quizzes found
Score Distribution
Percent of People with Each Score
Percentile by Number Answered
Your Score History
You have not taken this quiz